000
00256nam a2200109Ia 4500
008
170627s9999 xx 000 0 und d
100
_a
EVAM-JAMES
245
4
_a
THE MANAGEMENT AND CONTROL OF QUALITY
260
_b
THOMSON
260
_c
2004
546
_a
ENGLISH
690
_a
MANAGEMENT
999
_c
35460
_d
35460